000
00301nam a22001337a 4500
008
181121b xxu||||| |||| 00| 0 eng d
020
_a
9781138791565
041
_a
eng
080
_a
070
100
_a
29
101
_a
MED
245
_a
The Online Journalism Handbook
_c
Paul.B
942
_2
udc
_c
BK
999
_c
52278
_d
52278